00410pab a2200133 454500008004000000100002100040245008500061260000900146300001400155362000800169650003500177650001900212773004500231180718b2003 xxu||||| |||| 00| 0 eng d aKettl, Donald F. aContingent coordination: practical and theoretical puzzles for homeland security c2003 ap.253-77. aSep aState security - United States aState security aAmerican Review of Public Administration